Castellano 8

Đã lưu trong:
Chi tiết về thư mục
Những tác giả chính: Martínez Espinoza, Oriana (autora), Toro E., Gabriela (Tác giả), González Draper, Rosa Ester (Tác giả)
Định dạng: Sách
Ngôn ngữ:Tiếng Tây Ban Nha
Được phát hành: Santiago Arrayán 1990
Những chủ đề:
Các nhãn: Thêm thẻ
Không có thẻ, Là người đầu tiên thẻ bản ghi này!

MARC

LEADER 00000nam a2200000 a 4500
001 UCL1896
003 CL-VaPUC
008 030926e19900000CL |||||||||||||||||spa|d
020 |a 9562401761 
082 0 4 |a 372.6  |b MAR  |2 21 
100 |a Martínez Espinoza, Oriana  |e autora  |9 544832 
700 0 |a Toro E., Gabriela  |e author  |9 478819 
700 |a González Draper, Rosa Ester  |e author  |9 544833 
245 1 0 |a Castellano 8 
300 |a 216 p 
942 |c BK 
945 |d 20030926 00:00:00  |a cmena 
260 |a Santiago  |b Arrayán  |c 1990 
650 0 |a Educación lingüística  |9 306506 
650 0 |a Comprensión de lectura  |9 307588 
650 0 |a Educación básica   |9 224933 
650 0 |a Métodos de enseñanza  |9 270413 
583 |a last modification  |c 20030926 00:00:00  |k Rodrigo Vera 
999 |c 305334  |d 305332 
952 |0 0  |1 0  |4 0  |6 372_600000000000000_MAR_1990  |7 0  |8 P  |9 368804  |a BIBEDU  |b BIBEDU  |c BIBEDU_PB  |d 2019-11-21  |i 394266K  |o 372.6 MAR 1990  |p 394266K  |r 2024-01-25  |w 2019-11-21  |y BK  |k EBA